000 00518nam a2200169 i 4500
001 100555
003 ES-MaACL
007 t|
008 050929q1941 sp ||||1| spa d
100 1 _aMason, A. E. W.
_978752
245 1 0 _aAlmizcle y ambar = (Musk and amber) /
_cAlfred Edward Woodley Mason; traducción de Manuel Vallvé.
260 _aBarcelona :
_bMaucci,
_c[1941?]
300 _a270 p. ;
_c21 cm.
700 1 _aVallvé, Manuel.
_9112961
740 0 _aMusk and amber.
852 _aES-MaACL
_jE-2018
_bR.23013
999 _c100555
_d100555